000 02201cam a22004574i 4500
003 PE-LiUPU
005 20250731173144.0
008 150623s2003 bl a r 000 0 eng d
020 _a8534508402
035 _a(Sirsi) i9788534508407
040 _aPE-LiUPU
_bspa
_cPE-LiUPU
_erda
049 _aPRUA
082 0 4 _a234.7
_bK65
_221
100 1 _aKnight, George R.,
_eautor.
245 1 2 _aA mensagen de 1888 /
_cGerge R. Knight.
264 1 _aTatuí, SP :
_bCasa Publicafora Brasileira,
_c2003.
300 _a203 páginas :
_bilustraciones ;
_c20 centímetros
336 _atext
_2rdacontent
337 _aunmediated
_2rdamedia
338 _avolume
_2rdacarrier
505 0 _aVisao geral: a importancia crucial da mensagen de 1888 -- Avanzando para minneapolis: personalidades e acontecimentos -- As reunioes de 1888: acontecimentos e dinamica -- O endosso de Ellen White a Jones e Waggoner, eo papel que ella desemenhou na compreensao da mensagem de 1888 -- O significado da mensagem de 1888. parte 1: nucleo central da mensagem -- O significado da mensagem de 1888 -- parte 2 a relacao dos ensinos de 1888 com a terceira mensagem angélica, a chuva seródia e o alto clamor -- Afastando-se de minneapolis: personalidades e acontecimentos -- Questoes teológicas debatidas nas reunioes de minneapolis -- O signifcado da mensagem de 1888 para hoje proposicoes.
526 _aSEG42
526 _aSEG41
526 _aSEG40
526 _aSEG39
526 _aP94
526 _aP87
526 _aP86
526 _aP85
526 _aP77
526 _aP76
526 _aP35
650 1 4 _aAdventistas del Séptimo Día
_xTeología dogmática.
650 2 4 _aJustificación.
_91184
942 _2ddc
_cBOOK
949 _a234.7 K65
_wDEWEY
_c1
_i53163
_d2016-10-27
_e2016-10-26
_lCCODEBUL1
_mBUL
_n4
_p11.00
_r0
_sY
_tBOOK
_u2015-6-24
_xTEOLOGIA
_PP35
_0COMPRA
_o.STAFF. Colección General
994 _aC0
_bPEPRU
596 _a1
999 _a234.7 K65
_wDEWEY
_c34965
_i53163
_d34965
_e2016-10-26
_f2021-11-10
_g5
_lCCODEBUL1
_mBUL
_n4
_p11.00
_q2
_r0
_sY
_tBOOK
_u2015-6-24
_xTEOLOGIA
_PP35
_0COMPRA
_o.STAFF. Colección Teología
980 _81
_gALBERTO SANCHEZ Responsable de Automatización